|
|
|
|
| LEADER |
00000nab a2200000 4500 |
| 001 |
vtls012257753 |
| 003 |
SK-MaSNL |
| 005 |
20260318114309.0 |
| 008 |
240610c2021 xo er|n || ||00 c0ukr |
| 015 |
|
|
|a SNBRB2024/06
|
| 038 |
|
|
|a SVKPOCL
|
| 040 |
|
|
|a SVKPOCL
|b slo
|c SVKPOCL
|e rda
|
| 041 |
0 |
|
|a ukr
|
| 043 |
|
|
|a e-xo---
|
| 044 |
|
|
|a xo
|c SK
|
| 072 |
|
7 |
|a 271/279
|x Kresťanské cirkvi, sekty, denominácie
|2 konspekt
|
| 072 |
|
7 |
|a 72
|x Architektúra
|2 konspekt
|
| 080 |
|
|
|a 72:2‑523.2
|2 2011
|
| 080 |
|
|
|a 2-523.4
|2 2011
|
| 080 |
|
|
|a 27-523.4
|2 2011
|
| 080 |
|
|
|a 725.83:2-523.45
|2 2011
|
| 080 |
|
|
|a 27-549
|2 2011
|
| 080 |
|
|
|a (437.6)
|2 2011
|
| 100 |
1 |
|
|a Medviď, Peter,
|d 1981-
|4 aut
|9 268505
|
| 245 |
1 |
0 |
|a V Krasnij Brodi posvjatyly novŷj liturgičnŷj prostor
|c [autor] -pem- ; foto Teodor Maroš Kost'
|
| 300 |
|
|
|b Fotografie
|
| 336 |
|
|
|a text
|b txt
|2 rdacontent
|
| 337 |
|
|
|a bez média
|b n
|2 rdamedia
|
| 338 |
|
|
|a zväzok
|b nc
|2 rdacarrier
|
| 500 |
|
|
|a Akronym odkrytý s autorovým súhlasom
|
| 500 |
|
|
|a V rubrike Informačnŷj servis - Z domova i zo svita
|
| 600 |
1 |
7 |
|a Bilančík, Metod Milan,
|d 1961-
|2 svkpocl
|9 1622760
|
| 600 |
1 |
7 |
|a Sedláček, Juraj Vladimír,
|d 1963-
|2 svkpocl
|9 1622761
|
| 600 |
1 |
7 |
|a Babjak, Ján,
|d 1953-
|2 SNKMA
|9 99627
|
| 600 |
1 |
7 |
|a Blaško, Ján,
|d 1972-
|2 svkpocl
|9 1338855
|
| 600 |
1 |
7 |
|a Dacej, Vasiľ,
|d 1934-
|2 svkpocl
|9 1622762
|
| 610 |
2 |
7 |
|a Gréckokatolícka cirkev
|2 SNKKA
|9 32576
|
| 610 |
2 |
7 |
|a Gréckokatolícka cirkev.
|b Prešovská archieparchia
|2 SNKKA
|
| 648 |
|
7 |
|a 30.5.2021
|2 svkpocl
|9 1622763
|
| 650 |
0 |
7 |
|a vysviacky budov
|2 svkpocl
|9 1604408
|
| 650 |
0 |
7 |
|a Rusíni
|2 SNKPH
|9 4087
|
| 650 |
0 |
7 |
|a východné kresťanské cirkvi
|2 SNKPH
|9 68747
|
| 650 |
0 |
7 |
|a gréckokatolíci
|2 SNKPH
|9 86906
|
| 650 |
0 |
7 |
|a kultúrne zariadenia
|2 SNKPH
|9 60100
|
| 650 |
0 |
7 |
|a gréckokatolícka liturgia
|2 SNKPH
|9 69403
|
| 650 |
0 |
7 |
|a patrocínium
|2 svkpocl
|9 1314339
|
| 651 |
|
7 |
|a 30.5.2021
|2 svkpocl
|9 1622764
|
| 773 |
0 |
|
|t NN info Rusyn
|g Roč. XVIII (30), č. 11 (2021), s. 6
|x 2454-0013
|
| 852 |
|
|
|a SVKPO
|b KIS3GCP
|
| 958 |
|
|
|a SS
|
| 958 |
|
|
|a RN
|
| 958 |
|
|
|a NT
|
| 958 |
|
|
|a BX
|
| 958 |
|
|
|a NM
|
| 999 |
|
|
|c 3344924
|d 3346854
|